000 00233nam a22000857a 4500
008 160705b xxu||||| |||| 00| 0 eng d
100 _92294
_a Murthi, R.K
245 _aThe Wonderland of Air
260 _aNew Delhi
_bNational Book Trust
_c1998
999 _c1975
_d1975